000 006390000a22001210004500
100 1 _aRivera Velázquez, Melvin
245 1 0 _aUna reunión y una revista : Dos eventos que cambiaron la vida de muchos
300 _aVol.61, núm.280 (Mayo, junio, 2006), Páginas 4-5
500 _aEx director de la revista La Biblia en las Américas y presidente de Intermaná.
520 _aA lo largo de la historia de Sociedades Bíblicas Unidas (SBU) en el continente americano se han realizado muchas reuniones, pero quizás ninguna tan importante como la ocurrida del 5 al 12 de febrero de 1946.
773 0 _tLa Biblia de las Américas
942 _cANA
999 _c61881
_d61881